MARC

LEADER 00000nas a2200000 a 4500
001 ssj0012990
003 WaSeSS
005 20200512172242.0
006 m d
007 cr n
008 020522c19879999vautr pss 0 a0eng c
010 |a  2004252664 
022 |a 1931-3756  |l 1931-3756  |y 1048-3713 
035 |a (WaSeSS)ssj0012990 
037 |b Mark Williams, POB 1943, Birmingham, Alabama 35201 
040 |a TXU  |b eng  |c TXU  |d OCLCQ  |d WAU  |d OCL  |d NSD  |d OCLCS  |d DLC  |d NSD  |d MUQ  |d OCLCQ  |d GBT  |d UMC  |d OCLCQ  |d OCLCO  |d OCLCF  |d OCLCO  |d OCLCQ  |d WT2  |d OCLCQ  |d TOF  |d WYU  |d VT2  |d NJT  |d OCLCQ  |d WaSeSS 
042 |a pcc  |a nsdp 
043 |a n-us--- 
050 1 4 |a MT1 
082 1 0 |a 780  |2 14 
130 0 |a General music today (Online) 
222 0 |a General music today  |b (Online) 
245 1 0 |a General music today  |h [electronic resource]. 
246 1 7 |a GMT 
260 |a [Reston, Va.] :  |b National Association of Music Education 
310 |a Three no. a year 
362 1 |a Print began with vol. 1, no. 1 (fall 1987). 
506 |a License restrictions may limit access. 
515 |a Occasional issue not published. 
538 |a Mode of access: World Wide Web. 
580 |a Beginning in 2002, issued only in online format. 
588 0 |a Vol. 16, [no. 1] (fall 2002); title from HTML contents (Metapress, viewed Sept. 17, 2004). 
588 1 |a Vol. 19, [no. 3] (spring 2006) (publisher's Web site, viewed Sept. 11, 2006). 
650 0 |a School music  |x Instruction and study  |z United States  |v Periodicals. 
650 0 |a Music teachers  |x Training of  |z United States  |v Periodicals. 
650 6 |a Musique dans les écoles  |x Étude et enseignement  |z États-Unis  |v Périodiques. 
650 6 |a Professeurs de musique  |x Formation  |z États-Unis  |v Périodiques. 
650 7 |a Music teachers  |x Training of.  |2 fast  |0 (OCoLC)fst01030614 
650 7 |a School music  |x Instruction and study.  |2 fast  |0 (OCoLC)fst01107642 
651 7 |a United States.  |2 fast  |0 (OCoLC)fst01204155 
655 0 |a Electronic journals. 
710 2 |a MENC, the National Association for Music Education (U.S.) 
780 0 0 |t General music today  |x 1048-3713  |w (DLC) 89656549  |w (OCoLC)18845554 
856 4 0 |z Full text available from Research Library: 04/01/1999 to 04/30/2002  |u https://search.proquest.com/publication/45392